00338nam a2200133Ia 45000010005000000080041000050200022000460820020000681000017000882450030001052600027001359010027001629990015001892347241024s9999 xx 000 0 und d a978-9945-469-92-9 aRD/861.44/R555o aKarina Rieke 0aOntología de la palabra bEditora Nacionalc2012 a10/8/2012 3:42:49 p.m. c7865d7865